Statistics for Every EFL Championship Goalscorer (2018/19)

Click here to take the quiz!

General Stats

  • This quiz has been taken 122 times
    (51 since last reset)
  • The average score is 76 of 359

Answer Stats

Player % Correct
Tammy Abraham
94%
Jack Grealish
87%
Teemu Pukki
77%
Che Adams
74%
John McGinn
74%
Neal Maupay
71%
Bradley Dack
68%
Patrick Bamford
65%
Pablo Hernández
65%
Dwight Gayle
65%
Jarrod Bowen
65%
Jota
65%
Michael Smith
61%
Matt Smith
61%
Tyrone Mings
61%
Danny Graham
61%
Billy Sharp
61%
Conor Hourihane
58%
Onel Hernández
58%
Anwar El Ghazi
58%
Jay Rodriguez
55%
Jonathan Kodjia
55%
Jacques Maghoma
52%
Kemar Roofe
52%
Alan Hutton
52%
Britt Assombalonga
52%
Leon Clarke
48%
Jack Clarke
48%
Michael Morrison
48%
Todd Cantwell
48%
Tom Clarke
48%
Joe Allen
48%
Albert Adomah
48%
James Chester
48%
Rolando Aarons
48%
Martyn Waghorn
48%
Max Aarons
48%
Oliver McBurnie
48%
Harry Wilson
48%
Darren Fletcher
45%
Andreas Weimann
45%
Jon Taylor
45%
Ashley Fletcher
45%
Ezgjan Alioski
45%
Mason Mount
45%
Marley Watkins
45%
Daniel Johnson
45%
Gary Gardner
45%
Jack Marriott
45%
Ben Davies
45%
David McGoldrick
45%
Tom Lawrence
45%
Matty Taylor
45%
Bradley Johnson
45%
Craig Gardner
45%
Ollie Watkins
45%
Steven Fletcher
45%
Ahmed Elmohamady
42%
Pontus Jansson
42%
Saïd Benrahma
42%
Mario Vrančić
42%
Lewis Grabban
42%
Seán Maguire
42%
Emiliano Buendía
42%
Lukas Jutkiewicz
42%
Chris Brunt
39%
Jayden Bogle
39%
Reece James
39%
Charlie Mulgrew
39%
Yannick Bolasie
39%
Daniel James
39%
Omar Bogle
39%
Lee Gregory
39%
Benik Afobe
39%
Lucas João
39%
Richard Keogh
35%
Mateusz Klich
35%
Tyler Roberts
35%
Joe Lolley
35%
Gary Roberts
35%
Sammy Ameobi
35%
Ahmed Hegazi
35%
Matt Phillips
35%
Maikel Kieftenbeld
35%
André Green
35%
Kalvin Phillips
35%
Connor Roberts
35%
Fernando Forestieri
32%
Kamil Grosicki
32%
Sergi Canós
32%
Saido Berahino
32%
Jón Daði Böðvarsson
32%
Atdhe Nuhiu
29%
Birkir Bjarnason
29%
Kristian Pedersen
29%
Marco Stiepermann
29%
Grant Hanley
29%
Steve Morison
29%
Stuart Dallas
29%
Jake Cooper
29%
Jordan Rhodes
29%
Clayton Donaldson
29%
Harlee Dean
29%
Chris Martin
29%
Jacob Murphy
29%
David Nugent
29%
Daryl Murphy
29%
Kenny McLean
29%
Semi Ajayi
29%
Liam Cooper
29%
Kieran Gibbs
29%
Jack Robinson
26%
Adam Reach
26%
Luke Ayling
26%
Nahki Wells
26%
Tom Ince
26%
Ben Thompson
26%
John Fleck
26%
Eberechi Eze
26%
Hal Robson-Kanu
26%
Peter Crouch
26%
Callum Robinson
26%
Aden Flint
26%
Enda Stevens
26%
Yakou Méïté
26%
Glenn Whelan
26%
Scott Hogan
26%
Famara Diédhiou
23%
Christoph Zimmermann
23%
Kortney Hause
23%
Barry Bannan
23%
Jack Harrison
23%
Scott Malone
23%
Stewart Downing
23%
Ellis Harrison
23%
Chris Basham
23%
Timm Klose
23%
Kerim Mrabti
23%
Oliver Norwood
23%
Lewis Wing
23%
Bersant Celina
23%
Fikayo Tomori
19%
Duane Holmes
19%
John Egan
19%
Ryan Williams
19%
Connor Mahoney
19%
Adam Armstrong
19%
Viv Solomon-Otabor
19%
Alexander Tettey
19%
Peter Etebo
19%
Ryan Shawcross
19%
Ashley Williams
19%
George Saville
19%
Tom Trybull
19%
Jack O'Connell
19%
Will Grigg
19%
Paul Gallagher
19%
João Carvalho
19%
Craig Dawson
19%
Modou Barrow
19%
Moritz Leitner
19%
Luke Freeman
19%
Kieron Freeman
19%
Shaun Williams
19%
Jefferson Montero
16%
James McClean
16%
Markus Henriksen
16%
Massimo Luongo
16%
Sam Vokes
16%
Bruno Martins Indi
16%
Elliott Bennett
16%
Leandro Bacuna
16%
Kamohelo Mokotjo
16%
Gary Madine
16%
Tommy Elphick
16%
Fraizer Campbell
16%
Mason Bennett
16%
Jordan Hugill
16%
Muhamed Bešić
16%
Florian Jozefzoon
16%
Geoff Cameron
16%
Jackson Irvine
16%
Richard Wood
16%
Harvey Barnes
16%
Michael Hector
16%
Rico Henry
13%
Tom Barkhuizen
13%
Harrison Reed
13%
Yoann Barbet
13%
Daniel Ayala
13%
Josh Magennis
13%
Marlon Pack
13%
Mark Duffy
13%
Liam Moore
13%
Josh McEachran
13%
Leroy Fer
13%
Kayden Jackson
13%
Sam Morsy
13%
Ben Godfrey
13%
Matty Cash
13%
Marco Matias
13%
Sam Baldock
13%
Wilfried Bony
13%
Gareth Barry
13%
John Swift
13%
Josh Windass
13%
Stefan Johansen
13%
Kyle Edwards
13%
Kyle Bartley
13%
George Baldock
13%
Andrew Hughes
13%
Tom Edwards
13%
Jamie Paterson
13%
Tom Elliott
13%
Freddie Sears
13%
Alan Browne
13%
John Obi Mikel
13%
Gwion Edwards
13%
Kasey Palmer
13%
Will Vaulks
10%
Callum O'Dowda
10%
Richard Stearman
10%
Evandro
10%
Josh Brownhill
10%
Gary O'Neil
10%
Paweł Olkowski
10%
Shane Ferguson
10%
Dennis Srbeny
10%
Sam Field
10%
Adam Webster
10%
Rekeem Harper
10%
Sam Clucas
10%
Craig Bryson
10%
Martin Braithwaite
10%
Bright Osayi-Samuel
10%
Jack Colback
10%
Will Keane
10%
Tomer Hemed
10%
Murray Wallace
10%
Henrik Dalsgaard
10%
Kieran Dowell
10%
Jed Wallace
10%
Joel Lynch
10%
Nathan Dyer
10%
Tom Lees
10%
Lewis Baker
10%
Gary Hooper
10%
Jonny Howson
10%
Jake Livermore
10%
Jack Hunt
10%
Shaun Hutchinson
10%
Erik Pieters
10%
Mason Holgate
10%
Ryan Manning
10%
Bojan
10%
Collin Quaner
10%
Lewis Travis
6%
Yohan Benalouane
6%
Jack Rodwell
6%
Nélson Oliveira
6%
Ben Marshall
6%
Amari'i Bell
6%
Jordy de Wijs
6%
Lee Evans
6%
Josh Dasilva
6%
Ben Brereton
6%
Dominic Iorfa
6%
Marcus Forss
6%
Alan Judge
6%
Liam Kelly
6%
Jon Nolan
6%
Marcus Tavernier
6%
Richie Towell
6%
Paweł Wszołek
6%
Àngel Rangel
6%
Wayne Routledge
6%
Jiří Skalák
6%
Toni Leistner
6%
Todd Kane
6%
Lloyd Kelly
6%
Mark Beevers
6%
Callum McManaman
6%
Aiden O'Brien
6%
Adlène Guedioura
6%
Kyle Naughton
6%
Niclas Eliasson
6%
Julian Jeanvier
6%
Ben Osborn
6%
George Friend
6%
Nouha Dicko
6%
Mike van der Hoorn
6%
Craig Conway
3%
Joe Ledley
3%
Joe Rothwell
3%
Joe Nuttall
3%
George Boyd
3%
Matt Grimes
3%
Graham Burke
3%
Nick Powell
3%
Josh Scowen
3%
Ryan Tunnicliffe
3%
Karim Ansarifard
3%
Marc McNulty
3%
Clark Robertson
3%
Toto Nsiala
3%
Joe Garner
3%
Marc Pugh
3%
Ryan Leonard
3%
Lewis MacLeod
3%
Tiago Ilori
3%
Molla Wagué
3%
Jayden Stockley
3%
Sone Aluko
3%
Jordan Storey
3%
Lukas Nmecha
3%
Brad Potts
3%
Callum Harriott
3%
Jack Hobbs
3%
Barrie McKay
3%
Jay Fulton
3%
Eros Pisano
3%
George Byers
3%
Andy Yiadom
3%
Darnell Furlong
3%
Darragh Lenihan
3%
Danny Loader
3%
Brandon Barker
3%
Andy Rinomhota
3%
Ovie Ejaria
3%
Trevoh Chalobah
3%
Ryan Yates
3%
Gavin Massey
3%
Will Buckley
3%
Ezri Konsa
3%
Alexander Milošević
0%
Craig Noone
0%
Flynn Downes
0%
Sean Raggett
0%
Matt Crooks
0%
Andre Dozzell
0%
Callum Connolly
0%
Yan Dhanda
0%
Michael Jacobs
0%
Jordan Cousins
0%
Louis Moult
0%
Anthony Forde
0%
Joe Mattock
0%
Jamie Proctor
0%
Hillal Soudani
0%
Matthew Pennington
0%
Courtney Baker-Richardson
0%
James Vaughan
0%
Yanic Wildschut
0%
Christian Doidge
0%
Kal Naismith
0%
Tayo Edun
0%
Michael Ihiekwe
0%
Nathan Byrne
0%
Jack Lankester
0%

Score Distribution

Percentile by Number Answered

Percent of People with Each Score

Your Score History

You have not taken this quiz since the last reset